Handel
Guardado en:
| Autor principal: | |
|---|---|
| Formato: | Libro |
| Lenguaje: | inglés |
| Publicado: |
Londres
Faber and Faber
1976
|
| Colección: | The Great Composers
|
| Materias: | |
| Etiquetas: |
Agregar Etiqueta
Sin Etiquetas, Sea el primero en etiquetar este registro!
|
MARC
| LEADER | 00000nam a2200000 a 4500 | ||
|---|---|---|---|
| 001 | UCN1665 | ||
| 003 | CL-VaPUC | ||
| 008 | 010427e19760000UK |||||||||||||||||eng|d | ||
| 082 | 0 | 4 | |a 780.92 |b SAD |2 21 |
| 100 | 0 | |a Sadie, Stanley |e author |9 456917 | |
| 245 | 1 | 0 | |a Handel |
| 300 | |a 95 p | ||
| 942 | |c BK | ||
| 945 | |d 20010427 00:00:00 |a crobeson | ||
| 260 | |a Londres |b Faber and Faber |c 1976 | ||
| 600 | 0 | |a Händel, Georg Friedrich |9 612425 | |
| 650 | 0 | |a Compositores alemanes |9 324765 | |
| 650 | 0 | |a Música barroca |9 306256 | |
| 583 | |a last modification |c 20010427 00:00:00 |k Rodrigo Vera | ||
| 490 | 0 | |a The Great Composers | |
| 999 | |c 294916 |d 294914 | ||
| 952 | |0 0 |1 0 |4 0 |6 780_920000000000000_SAD_1976 |7 0 |8 A |9 347666 |a BIBEDU |b BIBEDU |d 2019-11-20 |i 1180444 |o 780.92 SAD 1976 |p 1180444 |r 2023-01-12 |w 2019-11-20 |y BK |k MUS | ||